[Event "DVM U14w 2014"]
[Site "Regensburg GER"]
[Date "2014.12.27"]
[Round "1"]
[White "Hausmann, Sarah"]
[Black "Moses, Selina"]
[Result "1/2-1/2"]
[Termination "normal"]
[Board "1.1"]
[WhiteElo "1364"]
[BlackElo "1827"]
[WhiteClock "00:41:01"]
[BlackClock "00:29:28"]
[WhiteTeam "SK Gräfelfing"]
[BlackTeam "SV Muldental Wilkau-Haßlau"]
[PlyCount "97"]
[WhiteFideId "12972630"]
[BlackFideId "12908070"]
[EventCountry "GER"]
[EventRounds "7"]
[EventType "team-swiss"]
[EventDate "2014.12.26"]

1. e4 {[%clk 1:30:51]} c5 {[%clk 1:30:54]} 2. Nf3 {[%clk 1:31:23]} d6 {[%clk
1:31:46]} 3. Be2 {[%clk 1:31:33]} Nf6 {[%clk 1:29:47]} 4. d3 {[%clk 1:31:49]}
e6 {[%clk 1:29:10]} 5. h3 {[%clk 1:30:04]} Nbd7 {[%clk 1:26:42]} 6. Be3 {[%clk
1:27:05]} Qc7 {[%clk 1:24:42]} 7. c3 {[%clk 1:26:28]} Be7 {[%clk 1:20:20]} 8.
Nbd2 {[%clk 1:23:24]} d5 {[%clk 1:18:37]} 9. O-O {[%clk 1:21:21]} O-O {[%clk
1:16:04]} 10. Qb1 {[%clk 1:19:56]} dxe4 {[%clk 1:13:05]} 11. Nxe4 {[%clk
1:19:10]} Nxe4 {[%clk 1:13:07]} 12. dxe4 {[%clk 1:19:09]} b6 {[%clk 1:13:29]}
13. Rd1 {[%clk 1:18:12]} Bb7 {[%clk 1:06:54]} 14. Bd3 {[%clk 1:08:58]} h6
{[%clk 1:01:19]} 15. Qc1 {[%clk 1:06:15]} c4 {[%clk 0:45:11]} 16. Bc2 {[%clk
1:05:55]} Nc5 {[%clk 0:44:56]} 17. Bxh6 {[%clk 0:48:38]} Nxe4 {[%clk 0:41:19]}
18. Bf4 {[%clk 0:39:45]} Qc5 {[%clk 0:31:55]} 19. Qe3 {[%clk 0:35:25]} Qxe3
{[%clk 0:31:53]} 20. Bxe3 {[%clk 0:35:46]} Rfd8 {[%clk 0:32:06]} 21. Ne5 {[%clk
0:34:48]} Nc5 {[%clk 0:24:33]} 22. Nxc4 {[%clk 0:31:04]} f6 {[%clk 0:21:11]}
23. Nd2 {[%clk 0:28:11]} Kf7 {[%clk 0:18:05]} 24. Nb3 {[%clk 0:27:07]} Na4
{[%clk 0:15:21]} 25. Rxd8 {[%clk 0:27:06]} Rxd8 {[%clk 0:15:36]} 26. Rb1 {[%clk
0:26:59]} Bd5 {[%clk 0:12:06]} 27. Nc1 {[%clk 0:27:01]} Nc5 {[%clk 0:11:15]}
28. b3 {[%clk 0:26:23]} Be4 {[%clk 0:10:28]} 29. Bxe4 {[%clk 0:25:43]} Nxe4
{[%clk 0:10:53]} 30. Ne2 {[%clk 0:25:46]} e5 {[%clk 0:06:28]} 31. f3 {[%clk
0:23:21]} Nc5 {[%clk 0:05:36]} 32. c4 {[%clk 0:21:50]} Rd3 {[%clk 0:04:20]} 33.
Bf2 {[%clk 0:20:26]} Rd2 {[%clk 0:04:42]} 34. Nc3 {[%clk 0:20:13]} Rc2 {[%clk
0:04:39]} 35. Nd5 {[%clk 0:19:08]} Nd3 {[%clk 0:03:19]} 36. Be3 {[%clk
0:18:53]} Rxa2 {[%clk 0:03:34]} 37. Nxe7 {[%clk 0:17:29]} Kxe7 {[%clk 0:03:58]}
38. b4 {[%clk 0:16:51]} Rb2 {[%clk 0:03:28]} 39. Rxb2 {[%clk 0:17:11]} Nxb2
{[%clk 0:03:57]} 40. c5 {[%clk 0:17:26]} bxc5 {[%clk 0:04:01]} 41. Bxc5+ {[%clk
0:17:41]} Kd7 {[%clk 0:04:21]} 42. Bxa7 {[%clk 0:17:10]} Kc6 {[%clk 0:04:34]}
43. Bc5 {[%clk 0:17:19]} Nd3 {[%clk 0:04:49]} 44. Bf8 {[%clk 0:17:24]} g6
{[%clk 0:05:14]} 45. Kf1 {[%clk 0:17:47]} Kb5 {[%clk 0:05:33]} 46. Ke2 {[%clk
0:17:52]} Nf4+ {[%clk 0:03:10]} 47. Kf2 {[%clk 0:17:44]} Nd3+ {[%clk 0:03:11]}
48. Ke2 {[%clk 0:11:15]} Nf4+ {[%clk 0:29:28]} 49. Kf2 {[%clk 0:41:01]} 1/2-1/2

[Event "DVM U14w 2014"]
[Site "Regensburg GER"]
[Date "2014.12.27"]
[Round "1"]
[White "Simon, Tessa"]
[Black "Shvartsman, Kristina"]
[Result "1/2-1/2"]
[Termination "normal"]
[Board "1.2"]
[WhiteElo "1831"]
[BlackElo "1388"]
[WhiteClock "00:23:34"]
[BlackClock "00:33:55"]
[WhiteTeam "SV Muldental Wilkau-Haßlau"]
[BlackTeam "SK Gräfelfing"]
[PlyCount "90"]
[WhiteFideId "12929395"]
[BlackFideId "12983438"]
[EventCountry "GER"]
[EventRounds "7"]
[EventType "team-swiss"]
[EventDate "2014.12.26"]

1. e4 {[%clk 1:30:55]} c5 {[%clk 1:30:51]} 2. Nf3 {[%clk 1:31:17]} Nc6 {[%clk
1:31:08]} 3. d4 {[%clk 1:31:33]} cxd4 {[%clk 1:31:28]} 4. Nxd4 {[%clk 1:31:52]}
d6 {[%clk 1:31:37]} 5. Nc3 {[%clk 1:31:36]} Nf6 {[%clk 1:31:37]} 6. f3 {[%clk
1:31:22]} a6 {[%clk 1:31:32]} 7. Be3 {[%clk 1:30:57]} e6 {[%clk 1:29:28]} 8.
Qd2 {[%clk 1:30:18]} Be7 {[%clk 1:29:29]} 9. O-O-O {[%clk 1:29:49]} Qc7 {[%clk
1:28:21]} 10. Kb1 {[%clk 1:28:40]} b5 {[%clk 1:27:28]} 11. Nxc6 {[%clk
1:25:20]} Qxc6 {[%clk 1:26:38]} 12. g4 {[%clk 1:21:20]} b4 {[%clk 1:16:06]} 13.
Ne2 {[%clk 1:20:10]} d5 {[%clk 1:10:04]} 14. g5 {[%clk 1:04:34]} Nd7 {[%clk
0:58:24]} 15. Qd4 {[%clk 0:50:42]} O-O {[%clk 0:55:08]} 16. exd5 {[%clk
0:47:28]} Qb7 {[%clk 0:50:25]} 17. dxe6 {[%clk 0:29:58]} fxe6 {[%clk 0:46:08]}
18. Bg2 {[%clk 0:25:10]} a5 {[%clk 0:38:41]} 19. Rhg1 {[%clk 0:14:18]} Qc7
{[%clk 0:34:45]} 20. Qe4 {[%clk 0:09:59]} Nc5 {[%clk 0:32:44]} 21. Qxa8 {[%clk
0:05:17]} Bd7 {[%clk 0:31:28]} 22. Rxd7 {[%clk 0:05:07]} Qxd7 {[%clk 0:29:50]}
23. Qxa5 {[%clk 0:05:07]} Nb7 {[%clk 0:28:57]} 24. Qe5 {[%clk 0:02:41]} Ra8
{[%clk 0:28:14]} 25. Bd4 {[%clk 0:01:55]} Bf8 {[%clk 0:28:13]} 26. Bh3 {[%clk
0:01:51]} Nd8 {[%clk 0:25:53]} 27. Nf4 {[%clk 0:01:10]} Kh8 {[%clk 0:23:59]}
28. b3 {[%clk 0:00:52]} Nc6 {[%clk 0:21:09]} 29. Qxe6 {[%clk 0:00:39]} Qxd4
{[%clk 0:20:33]} 30. Ne2 {[%clk 0:00:59]} Qc5 {[%clk 0:16:09]} 31. Rg4 {[%clk
0:00:40]} Qa5 {[%clk 0:12:52]} 32. Qxc6 {[%clk 0:00:40]} Qxa2+ {[%clk 0:13:07]}
33. Kc1 {[%clk 0:01:09]} Rd8 {[%clk 0:12:02]} 34. Nd4 {[%clk 0:00:55]} Qa1+
{[%clk 0:11:47]} 35. Kd2 {[%clk 0:01:24]} Rxd4+ {[%clk 0:10:06]} 36. Rxd4
{[%clk 0:01:51]} Qxd4+ {[%clk 0:10:26]} 37. Kc1 {[%clk 0:01:49]} Qa1+ {[%clk
0:09:32]} 38. Kd2 {[%clk 0:02:17]} Qd4+ {[%clk 0:09:51]} 39. Ke2 {[%clk
0:02:18]} Qe5+ {[%clk 0:10:01]} 40. Kf1 {[%clk 0:01:00]} Qxh2 {[%clk 0:09:10]}
41. Qc8 {[%clk 0:30:10]} Qf4 {[%clk 0:36:01]} 42. Kf2 {[%clk 0:27:00]} Qd2+
{[%clk 0:34:30]} 43. Kf1 {[%clk 0:25:39]} Qf4 {[%clk 0:34:38]} 44. Ke2 {[%clk
0:24:50]} Qe5+ {[%clk 0:33:55]} 45. Kd1 {[%clk 0:23:34]} Qd4+ 1-0

[Event "DVM U14w 2014"]
[Site "Regensburg GER"]
[Date "2014.12.27"]
[Round "1"]
[White "Khamenya, Vitalia"]
[Black "Fromm, Katja"]
[Result "0-1"]
[Termination "normal"]
[Board "1.3"]
[WhiteElo "1422"]
[BlackElo "1597"]
[WhiteClock "00:13:02"]
[BlackClock "00:12:57"]
[WhiteTeam "SK Gräfelfing"]
[BlackTeam "SV Muldental Wilkau-Haßlau"]
[PlyCount "62"]
[WhiteFideId "12959260"]
[BlackFideId "12929409"]
[EventCountry "GER"]
[EventRounds "7"]
[EventType "team-swiss"]
[EventDate "2014.12.26"]

1. e4 {[%clk 1:30:58]} c6 {[%clk 1:30:52]} 2. d4 {[%clk 1:31:26]} d5 {[%clk
1:31:14]} 3. exd5 {[%clk 1:31:52]} cxd5 {[%clk 1:31:37]} 4. Nc3 {[%clk
1:32:11]} Nf6 {[%clk 1:31:30]} 5. Nf3 {[%clk 1:31:39]} Nc6 {[%clk 1:31:10]} 6.
Bd3 {[%clk 1:30:36]} Bg4 {[%clk 1:31:07]} 7. Be3 {[%clk 1:30:30]} e6 {[%clk
1:30:31]} 8. O-O {[%clk 1:24:31]} Bd6 {[%clk 1:29:45]} 9. Re1 {[%clk 1:22:19]}
O-O {[%clk 1:29:26]} 10. Kh1 {[%clk 1:18:36]} e5 {[%clk 1:21:32]} 11. dxe5
{[%clk 1:09:14]} Nxe5 {[%clk 1:21:32]} 12. Bd4 {[%clk 1:07:52]} Nxf3 {[%clk
1:17:13]} 13. gxf3 {[%clk 1:07:38]} Bh5 {[%clk 1:16:43]} 14. Rg1 {[%clk
1:07:08]} g6 {[%clk 1:06:38]} 15. Be2 {[%clk 1:03:33]} Re8 {[%clk 1:01:43]} 16.
Bxf6 {[%clk 0:54:29]} Qxf6 {[%clk 1:02:02]} 17. Nxd5 {[%clk 0:52:24]} Qe5
{[%clk 1:01:32]} 18. Kg2 {[%clk 0:37:19]} Kf8 {[%clk 0:54:47]} 19. Kf1 {[%clk
0:32:55]} Rad8 {[%clk 0:46:09]} 20. Qd2 {[%clk 0:29:11]} Qxb2 {[%clk 0:34:33]}
21. Rd1 {[%clk 0:27:19]} Bxh2 {[%clk 0:28:00]} 22. Rg2 {[%clk 0:25:04]} Be5
{[%clk 0:18:32]} 23. Qh6+ {[%clk 0:22:29]} Bg7 {[%clk 0:17:23]} 24. Qxh7 {[%clk
0:20:36]} Qxc2 {[%clk 0:16:48]} 25. Ne3 {[%clk 0:14:38]} Rxd1+ {[%clk 0:13:59]}
26. Bxd1 {[%clk 0:14:39]} Qd2 {[%clk 0:12:38]} 27. Rg1 {[%clk 0:13:27]} Rxe3
{[%clk 0:11:23]} 28. fxe3 {[%clk 0:12:07]} Qxd1+ {[%clk 0:11:49]} 29. Kg2
{[%clk 0:12:26]} Qxf3+ {[%clk 0:12:13]} 30. Kh2 {[%clk 0:12:39]} Be5+ {[%clk
0:12:40]} 31. Rg3 {[%clk 0:13:02]} Qxg3+ {[%clk 0:12:57]} 0-1

[Event "DVM U14w 2014"]
[Site "Regensburg GER"]
[Date "2014.12.27"]
[Round "1"]
[White "Böhle, Rebecca"]
[Black "Shvartsman, Julia"]
[Result "1-0"]
[Termination "normal"]
[Board "1.4"]
[WhiteElo "1332"]
[BlackElo "1035"]
[WhiteClock "00:37:26"]
[BlackClock "01:11:53"]
[WhiteTeam "SV Muldental Wilkau-Haßlau"]
[BlackTeam "SK Gräfelfing"]
[PlyCount "115"]
[WhiteFideId "12963933"]
[BlackFideId "12983454"]
[EventCountry "GER"]
[EventRounds "7"]
[EventType "team-swiss"]
[EventDate "2014.12.26"]

1. e4 {[%clk 1:30:30]} e5 {[%clk 1:30:30]} 2. Nf3 {[%clk 1:30:30]} Nc6 {[%clk
1:30:30]} 3. Bc4 {[%clk 1:30:32]} d6 {[%clk 1:30:31]} 4. Nc3 {[%clk 1:30:24]}
Be7 {[%clk 1:30:48]} 5. d3 {[%clk 1:30:41]} Bg4 {[%clk 1:31:05]} 6. h3 {[%clk
1:30:47]} Be6 {[%clk 1:31:22]} 7. Bb3 {[%clk 1:30:55]} Nf6 {[%clk 1:31:27]} 8.
O-O {[%clk 1:30:43]} d5 {[%clk 1:31:39]} 9. Ne2 {[%clk 1:26:27]} dxe4 {[%clk
1:30:54]} 10. dxe4 {[%clk 1:19:19]} Qxd1 {[%clk 1:29:22]} 11. Rxd1 {[%clk
1:19:29]} Nxe4 {[%clk 1:29:38]} 12. Ba4 {[%clk 1:18:08]} O-O {[%clk 1:29:30]}
13. Bxc6 {[%clk 1:18:24]} bxc6 {[%clk 1:29:33]} 14. Nxe5 {[%clk 1:18:35]} Bd5
{[%clk 1:28:47]} 15. c4 {[%clk 1:17:02]} Bxc4 {[%clk 1:28:47]} 16. Nxc4 {[%clk
1:17:18]} Bc5 {[%clk 1:28:21]} 17. Be3 {[%clk 1:16:46]} Bb6 {[%clk 1:26:47]}
18. Ne5 {[%clk 1:15:07]} c5 {[%clk 1:26:41]} 19. Nd7 {[%clk 1:14:23]} Rfe8
{[%clk 1:26:07]} 20. Nf4 {[%clk 1:04:34]} c4 {[%clk 1:25:09]} 21. Nxb6 {[%clk
1:03:06]} axb6 {[%clk 1:24:11]} 22. Nd5 {[%clk 1:02:04]} Rac8 {[%clk 1:23:33]}
23. Rd4 {[%clk 1:00:07]} b5 {[%clk 1:23:27]} 24. Rad1 {[%clk 0:56:58]} h6
{[%clk 1:21:32]} 25. Nf4 {[%clk 0:54:54]} c3 {[%clk 1:21:19]} 26. bxc3 {[%clk
0:54:14]} Nxc3 {[%clk 1:21:34]} 27. R1d2 {[%clk 0:52:36]} c5 {[%clk 1:21:22]}
28. Rd7 {[%clk 0:52:31]} Ne4 {[%clk 1:20:59]} 29. Rc2 {[%clk 0:48:18]} Nf6
{[%clk 1:19:42]} 30. Rb7 {[%clk 0:48:23]} b4 {[%clk 1:18:45]} 31. Rxc5 {[%clk
0:47:17]} Rxc5 {[%clk 1:17:48]} 32. Bxc5 {[%clk 0:47:35]} Re1+ {[%clk 1:17:15]}
33. Kh2 {[%clk 0:47:53]} Ne4 {[%clk 1:16:26]} 34. Bxb4 {[%clk 0:45:29]} Rb1
{[%clk 1:16:27]} 35. Nd3 {[%clk 0:42:31]} Rd1 {[%clk 1:14:01]} 36. f3 {[%clk
0:39:36]} Ng5 {[%clk 1:11:47]} 37. Nc5 {[%clk 0:38:43]} Rb1 {[%clk 1:11:02]}
38. a4 {[%clk 0:38:13]} Rb2 {[%clk 1:11:10]} 39. Kg3 {[%clk 0:38:13]} Rc2
{[%clk 1:09:18]} 40. a5 {[%clk 0:37:15]} h5 {[%clk 1:09:24]} 41. h4 {[%clk
0:36:19]} Nh7 {[%clk 1:09:21]} 42. Rb8+ {[%clk 0:36:40]} Nf8 {[%clk 1:09:34]}
43. Nd7 {[%clk 0:36:52]} Rc6 {[%clk 1:09:17]} 44. Nxf8 {[%clk 0:36:01]} Kh8
{[%clk 1:08:42]} 45. Ne6+ {[%clk 0:35:30]} Kh7 {[%clk 1:08:54]} 46. Ng5+ {[%clk
0:35:38]} Kg6 {[%clk 1:08:44]} 47. Rb6 {[%clk 0:35:46]} Rf6 {[%clk 1:08:54]}
48. Rxf6+ {[%clk 0:36:02]} gxf6 {[%clk 1:09:18]} 49. a6 {[%clk 0:35:58]} fxg5
{[%clk 1:09:40]} 50. hxg5 {[%clk 0:36:14]} Kxg5 {[%clk 1:10:03]} 51. a7 {[%clk
0:36:32]} h4+ {[%clk 1:10:28]} 52. Kh3 {[%clk 0:36:51]} f5 {[%clk 1:10:45]} 53.
a8=Q {[%clk 0:37:09]} Kf4 {[%clk 1:10:54]} 54. Bd6+ {[%clk 0:37:19]} Kg5 {[%clk
1:11:05]} 55. Qd8+ {[%clk 0:37:07]} Kh5 {[%clk 1:11:15]} 56. Qg8 {[%clk
0:36:54]} Kh6 {[%clk 1:11:33]} 57. Be7 {[%clk 0:37:08]} Kh5 {[%clk 1:11:53]}
58. Qg5# {[%clk 0:37:26]} 1-0

[Event "DVM U14w 2014"]
[Site "Regensburg GER"]
[Date "2014.12.27"]
[Round "1"]
[White "Wächter, Nathalie"]
[Black "Mönster, Madita"]
[Result "1-0"]
[Termination "normal"]
[Board "2.1"]
[WhiteElo "1843"]
[BlackElo "1602"]
[WhiteClock "00:05:05"]
[BlackClock "00:30:30"]
[WhiteTeam "TuRa Harksheide"]
[BlackTeam "SK Nordhorn-Blanke"]
[PlyCount "66"]
[WhiteFideId "12921033"]
[BlackFideId "12947156"]
[EventCountry "GER"]
[EventRounds "7"]
[EventType "team-swiss"]
[EventDate "2014.12.26"]

1. d4 {[%clk 1:30:52]} Nf6 {[%clk 1:30:47]} 2. Nf3 {[%clk 1:31:11]} e6 3. Bg5
{[%clk 1:31:01]} d5 {[%clk 1:30:24]} 4. c4 {[%clk 1:31:04]} c5 {[%clk 1:28:50]}
5. cxd5 {[%clk 1:27:46]} exd5 {[%clk 1:24:06]} 6. Nc3 {[%clk 1:25:41]} Be6
{[%clk 1:13:12]} 7. dxc5 {[%clk 1:22:42]} Bxc5 {[%clk 1:04:46]} 8. e3 {[%clk
1:22:06]} Nbd7 {[%clk 1:03:17]} 9. Bb5 {[%clk 1:20:47]} Bb4 {[%clk 0:48:18]}
10. O-O {[%clk 1:16:25]} Bxc3 {[%clk 0:44:22]} 11. bxc3 {[%clk 1:16:35]} O-O
{[%clk 0:43:08]} 12. Bxd7 {[%clk 1:10:59]} Bxd7 {[%clk 0:40:17]} 13. Bxf6
{[%clk 1:06:18]} Qxf6 {[%clk 0:40:34]} 14. c4 {[%clk 1:06:06]} Rfd8 {[%clk
0:37:58]} 15. cxd5 {[%clk 1:05:21]} Bf5 {[%clk 0:36:33]} 16. Qb3 {[%clk
1:02:40]} Be4 {[%clk 0:34:09]} 17. Nd4 {[%clk 0:34:15]} Bxd5 {[%clk 0:33:17]}
18. Qa3 {[%clk 0:33:00]} Qg5 {[%clk 0:26:06]} 19. f3 {[%clk 0:32:20]} Bc4
{[%clk 0:18:10]} 20. Rfc1 {[%clk 0:30:26]} Ba6 {[%clk 0:15:19]} 21. Rc5 {[%clk
0:28:16]} Qf6 {[%clk 0:14:29]} 22. Rac1 {[%clk 0:27:42]} Re8 {[%clk 0:12:02]}
23. Qb3 {[%clk 0:22:53]} h6 {[%clk 0:09:41]} 24. Rf5 {[%clk 0:14:25]} Qe7
{[%clk 0:08:15]} 25. e4 {[%clk 0:14:12]} Qd7 {[%clk 0:05:50]} 26. Rd5 {[%clk
0:13:58]} Qe7 {[%clk 0:05:17]} 27. Nf5 {[%clk 0:13:27]} Qf8 {[%clk 0:04:14]}
28. Rd7 {[%clk 0:11:06]} Rad8 {[%clk 0:03:18]} 29. Rxd8 {[%clk 0:07:14]} Rxd8
{[%clk 0:03:34]} 30. Rc7 {[%clk 0:07:32]} Re8 {[%clk 0:02:09]} 31. Qc3 {[%clk
0:06:30]} Rd8 {[%clk 0:00:59]} 32. h3 {[%clk 0:06:04]} Rd3 {[%clk 0:00:41]} 33.
Qe5 {[%clk 0:05:05]} g6 {[%clk 0:30:30]} 1-0

[Event "DVM U14w 2014"]
[Site "Regensburg GER"]
[Date "2014.12.27"]
[Round "1"]
[White "ter Stal, Esther"]
[Black "Köhler, Inken"]
[Result "1/2-1/2"]
[Termination "normal"]
[Board "2.2"]
[WhiteElo "1482"]
[BlackElo "1740"]
[WhiteTeam "SK Nordhorn-Blanke"]
[BlackTeam "TuRa Harksheide"]
[PlyCount "82"]
[WhiteFideId "12944467"]
[BlackFideId "12929301"]
[EventCountry "GER"]
[EventRounds "7"]
[EventType "team-swiss"]
[EventDate "2014.12.26"]

1. d4 d5 2. Nf3 Nf6 3. e3 Bf5 4. c4 c6 5. Qb3 Qb6 6. Qxb6 axb6 7. Nc3 e6 8. Be2
Na6 9. a3 Bd6 10. Bd2 O-O 11. O-O Nc7 12. b4 c5 13. cxd5 Nfxd5 14. bxc5 bxc5
15. a4 Nxc3 16. Bxc3 Nd5 17. Rfc1 Nxc3 18. Rxc3 Rfc8 19. Bb5 b6 20. Rd1 Be4 21.
dxc5 Bxc5 22. Ne5 Bb4 23. Rxc8+ Rxc8 24. h3 Bd5 25. e4 Bb3 26. Rd7 Rc1+ 27. Kh2
Rd1 28. Rc7 Rd8 29. Nxf7 Rf8 30. Bc4 Rxf7 31. Rc8+ Rf8 32. Rxf8+ Kxf8 33. Bxb3
Ke7 34. Kg3 g5 35. Kg4 Kf6 36. g3 e5 37. f4 gxf4 38. gxf4 exf4 39. Kxf4 Bd2+
40. Kf3 Ke5 41. Bd5 h6 1/2-1/2

[Event "DVM U14w 2014"]
[Site "Regensburg GER"]
[Date "2014.12.27"]
[Round "1"]
[White "Wolterink, Jule"]
[Black "Giede, Anna-Blume"]
[Result "1/2-1/2"]
[Termination "normal"]
[Board "2.4"]
[WhiteElo "1008"]
[BlackElo "1471"]
[WhiteClock "00:08:58"]
[BlackClock "00:01:05"]
[WhiteTeam "SK Nordhorn-Blanke"]
[BlackTeam "TuRa Harksheide"]
[PlyCount "75"]
[WhiteFideId "12981206"]
[BlackFideId "12921980"]
[EventCountry "GER"]
[EventRounds "7"]
[EventType "team-swiss"]
[EventDate "2014.12.26"]

1. e4 {[%clk 1:30:49]} c6 {[%clk 1:30:55]} 2. Nf3 {[%clk 1:31:06]} d5 {[%clk
1:31:16]} 3. exd5 {[%clk 1:31:21]} cxd5 {[%clk 1:31:37]} 4. Ne5 {[%clk
1:31:35]} Nf6 {[%clk 1:26:23]} 5. f4 {[%clk 1:30:46]} a6 {[%clk 1:17:35]} 6. d4
{[%clk 1:30:48]} Bf5 {[%clk 1:09:56]} 7. c3 {[%clk 1:27:54]} e6 {[%clk
0:58:11]} 8. Nd2 {[%clk 1:27:15]} Nbd7 {[%clk 0:48:37]} 9. Ndf3 {[%clk
1:26:54]} h6 {[%clk 0:34:34]} 10. Be2 {[%clk 1:25:44]} Ne4 {[%clk 0:29:56]} 11.
O-O {[%clk 1:19:40]} Bd6 {[%clk 0:24:35]} 12. Be3 {[%clk 1:16:48]} O-O {[%clk
0:18:58]} 13. Bf2 {[%clk 1:10:08]} Be7 {[%clk 0:15:23]} 14. Qe1 {[%clk
1:04:08]} Rc8 {[%clk 0:13:00]} 15. Bh4 {[%clk 0:58:16]} Bxh4 {[%clk 0:12:05]}
16. Nxh4 {[%clk 0:58:02]} Bh7 {[%clk 0:12:20]} 17. Bd3 {[%clk 0:51:27]} Ndf6
{[%clk 0:10:10]} 18. Qe2 {[%clk 0:41:26]} b5 {[%clk 0:06:55]} 19. a3 {[%clk
0:34:23]} Qe7 {[%clk 0:05:43]} 20. Nhf3 {[%clk 0:32:07]} Rfd8 {[%clk 0:05:21]}
21. Nd2 {[%clk 0:27:57]} Nxd2 {[%clk 0:04:43]} 22. Qxd2 {[%clk 0:26:31]} Bxd3
{[%clk 0:05:02]} 23. Qxd3 {[%clk 0:26:28]} Ne4 {[%clk 0:05:20]} 24. Nf3 {[%clk
0:22:05]} Rc4 {[%clk 0:04:35]} 25. Ne5 {[%clk 0:20:43]} Rc7 {[%clk 0:04:13]}
26. Rab1 {[%clk 0:19:29]} Rdc8 {[%clk 0:02:48]} 27. Rfe1 {[%clk 0:16:13]} Qh4
{[%clk 0:02:06]} 28. Rf1 {[%clk 0:14:52]} Qe7 {[%clk 0:01:49]} 29. Ra1 {[%clk
0:14:15]} Qd6 {[%clk 0:01:27]} 30. Rfe1 {[%clk 0:11:50]} Qe7 {[%clk 0:01:17]}
31. Re2 {[%clk 0:10:52]} Qf6 {[%clk 0:01:07]} 32. Rf1 {[%clk 0:09:23]} Qe7
{[%clk 0:01:23]} 33. Qf3 {[%clk 0:09:07]} Rd8 {[%clk 0:00:58]} 34. Qg4 {[%clk
0:08:30]} Nf6 {[%clk 0:00:53]} 35. Qg3 {[%clk 0:08:38]} Ne4 {[%clk 0:01:11]}
36. Qg4 {[%clk 0:08:44]} Nf6 {[%clk 0:01:13]} 37. Qg3 {[%clk 0:09:00]} Ne4
{[%clk 0:01:05]} 38. Qg4 {[%clk 0:08:58]} 1/2-1/2

[Event "DVM U14w 2014"]
[Site "Regensburg GER"]
[Date "2014.12.27"]
[Round "1"]
[White "Bünte, Kirsten"]
[Black "Nguyen, Ha Thanh"]
[Result "0-1"]
[Termination "normal"]
[Board "3.1"]
[WhiteElo "1316"]
[BlackElo "1657"]
[WhiteTeam "Gütersloher SV"]
[BlackTeam "SV Empor Erfurt"]
[PlyCount "62"]
[WhiteFideId "16200535"]
[BlackFideId "12942154"]
[EventCountry "GER"]
[EventRounds "7"]
[EventType "team-swiss"]
[EventDate "2014.12.26"]

1. d4 {[%emt 0:00:00]} d5 2. c4 e6 3. Nc3 f5 4. Nf3 Nf6 5. Bg5 c6 6. e3 Bd6 7.
c5 Bc7 8. Bd3 Nbd7 9. O-O O-O 10. Qe2 Qe8 11. Bxf6 Nxf6 12. h3 Ne4 13. Nd2 Bd7
14. Bxe4 fxe4 15. f4 Qg6 16. Kh1 Bd8 17. Qf2 Bf6 18. Kh2 e5 19. Qg3 Qxg3+ 20.
Kxg3 exd4 21. exd4 Bxd4 22. Nb3 Bf6 23. Rad1 Rfe8 24. Rfe1 Re7 25. Na5 Bf5 26.
Nb3 Rd8 27. Ne2 Bxb2 28. Kf2 e3+ 29. Kf1 Bc2 30. Rd4 Bxd4 31. Nexd4 Bd3+ { Rest
nicht rekonstruierbar} 0-1

[Event "DVM U14w 2014"]
[Site "Regensburg GER"]
[Date "2014.12.27"]
[Round "1"]
[White "Schulz, Theresa Charlotte"]
[Black "Neumann, Konstantina"]
[Result "1-0"]
[Termination "normal"]
[Board "3.2"]
[WhiteElo "1659"]
[BlackElo "1182"]
[WhiteTeam "SV Empor Erfurt"]
[BlackTeam "Gütersloher SV"]
[PlyCount "45"]
[WhiteFideId "12952206"]
[BlackFideId "16200543"]
[EventCountry "GER"]
[EventRounds "7"]
[EventType "team-swiss"]
[EventDate "2014.12.26"]

1. d4 {[%emt 0:00:00]} d5 2. e3 Nf6 3. Bd3 Nc6 4. f4 Bg4 5. Nf3 e6 6. c3 Bd6 7.
O-O O-O 8. Bd2 Re8 9. Be1 Nd7 10. Qc2 h6 11. Bh4 Be7 12. Bxe7 Qxe7 13. Ne5
Ndxe5 14. fxe5 Rf8 15. Nd2 f6 16. h3 Bh5 17. exf6 Rxf6 18. Rxf6 Qxf6 19. Rf1
Qg5 20. e4 Rf8 21. exd5 exd5 22. Bh7+ Kh8 23. Rxf8# 1-0

[Event "DVM U14w 2014"]
[Site "Regensburg GER"]
[Date "2014.12.27"]
[Round "1"]
[White "Neumann, Anna-Alicia"]
[Black "Rieger, Lotta"]
[Result "0-1"]
[Termination "normal"]
[Board "3.3"]
[WhiteElo "1115"]
[BlackElo "1462"]
[WhiteTeam "Gütersloher SV"]
[BlackTeam "SV Empor Erfurt"]
[PlyCount "56"]
[WhiteFideId "16200551"]
[BlackFideId "12964620"]
[EventCountry "GER"]
[EventRounds "7"]
[EventType "team-swiss"]
[EventDate "2014.12.26"]

1. e4 e6 2. d4 d5 3. Bd3 Nd7 4. Nc3 dxe4 5. Bxe4 Ngf6 6. Bg5 Bb4 7. Nge2 h6 8.
Bxf6 Nxf6 9. Qd3 O-O 10. O-O-O c5 11. Qf3 Nxe4 12. Qxe4 Qf6 13. Rhf1 Rb8 14.
Nb5 a6 15. Nd6 cxd4 16. Nxc8 Rfxc8 17. Nxd4 Rc4 18. b3 Ba3+ 19. Kd2 Rxd4+ 20.
Qxd4 Qxd4+ 21. Ke2 Qe4+ 22. Kd2 Bb4+ 23. Kc1 Rc8 24. Rd2 Bxd2+ 25. Kxd2 Rd8+
26. Kc1 Rc8 27. Kd2 Rxc2+ 28. Kd1 Qe2# 0-1

[Event "DVM U14w 2014"]
[Site "Regensburg GER"]
[Date "2014.12.27"]
[Round "1"]
[White "Poetsch, Leonore"]
[Black "Jörs, Pia-Milena"]
[Result "1-0"]
[Termination "normal"]
[Board "4.1"]
[WhiteElo "1603"]
[BlackElo "1462"]
[WhiteTeam "SK Langen"]
[BlackTeam "SG Güstrow/Teterow"]
[PlyCount "131"]
[WhiteFideId "12940372"]
[BlackFideId "12964646"]
[EventCountry "GER"]
[EventRounds "7"]
[EventType "team-swiss"]
[EventDate "2014.12.26"]

1. e3 {[%emt 0:00:00]} e5 2. d4 exd4 3. exd4 d5 4. Bd3 Nc6 5. c3 Nf6 6. Bf4 Bd6
7. Ne2 O-O 8. O-O Re8 9. Bxd6 Qxd6 10. f3 Ne7 11. Ng3 Ng6 12. Na3 a6 13. Qd2
Qf4 14. Rad1 Qe3+ 15. Qxe3 Rxe3 16. Nc2 Re8 17. Rfe1 Bd7 18. Ne3 Nf4 19. Bc2 g6
20. Kf2 Re7 21. Ne2 Nxe2 22. Rxe2 Rae8 23. Rde1 Bb5 24. Rd2 Nd7 25. a4 Bc6 26.
Rde2 f5 27. Bb3 Nf6 28. Kf1 Kf8 29. Nc2 Rxe2 30. Rxe2 Rxe2 31. Kxe2 Ke7 32. Nb4
Kd6 33. Nd3 Nd7 34. Bc2 b6 35. Ke3 Bb7 36. Kf4 h6 37. h4 Ke6 38. g4 fxg4 39.
fxg4 a5 40. Ne5 Nxe5 41. dxe5 Kf7 42. e6+ Kxe6 43. Bxg6 Kf6 44. Bd3 Bc6 45. b3
Be8 46. g5+ hxg5+ 47. hxg5+ Kg7 48. Ke5 Bf7 49. b4 Kg8 50. b5 Kg7 51. Bf5 Be8
52. Kxd5 Kf7 53. c4 Ke7 54. Be6 Kd8 55. Ke5 Ke7 56. Bd5 Bg6 57. Be4 Bf7 58. g6
Bxc4 59. Bd5 Bd3 60. g7 Bh7 61. g8=Q Bxg8 62. Bxg8 Kd7 63. Kd5 Kc8 64. Kc6 Kb8
65. Be6 Ka7 66. Kxc7 1-0